|
|
|
|
| LEADER |
01398nam a22002897a 4500 |
| 001 |
34809 |
| 003 |
BD-DhAAL |
| 005 |
20250826131612.0 |
| 008 |
190721r20172002bg 000 0 ben d |
| 020 |
|
|
|a 9844460611
|
| 040 |
|
|
|a BD-DhAAL
|c BD-DhAAL
|
| 082 |
0 |
0 |
|a 891.44
|
| 100 |
1 |
|
|a ইকবাল, মুহম্মদ জাফর.
|9 8824
|
| 245 |
1 |
0 |
|a সায়েন্স ফিকশান সমগ্র,
|n ৩ /
|c মুহম্মদ জাফর ইকবাল.
|
| 260 |
|
|
|a ঢাকা :
|b প্রতীক,
|c ২০০২ [চতুর্দশ মুদ্রণ ২০১৭].
|
| 300 |
|
|
|a ৫৬৮ পৃষ্ঠা ;
|c ২২ সে.মি.
|
| 362 |
|
|
|a Vol. 3
|
| 504 |
|
|
|6 Novel
|
| 526 |
|
|
|a Residential Campus
AAL
|
| 541 |
1 |
|
|a Development Book Agency
|e 34809, 34979
|
| 650 |
|
0 |
|a Bengali fiction.
|9 6008
|
| 650 |
|
0 |
|a Science fiction, Bengali.
|9 58796
|
| 852 |
|
|
|a Savar Campus Library
|c General Stacks
|
| 942 |
|
|
|2 ddc
|c BK
|
| 999 |
|
|
|c 40897
|d 40897
|
| 952 |
|
|
|0 0
|1 0
|2 ddc
|4 0
|6 891_440000000000000_IQB
|7 0
|9 65656
|a SCL
|b SCL
|c GEN
|d 2019-07-17
|e Development Book Agency
|g 531.67
|l 5
|m 3
|o 891.44 IQB
|p 3020034809
|r 2024-03-27
|s 2024-03-20
|t 1
|v 531.67
|w 2019-07-17
|y BK
|
| 952 |
|
|
|0 0
|1 0
|2 ddc
|4 0
|6 891_440000000000000_IQB
|7 0
|9 65830
|a BRACUL
|b BRACUL
|c GEN
|d 2019-07-24
|e Development Book Agency
|g 531.67
|l 5
|m 34
|o 891.44 IQB
|p 3010034979
|q 2023-03-27
|r 2020-02-06
|s 2020-02-06
|t 2
|v 531.67
|w 2019-07-24
|y BK
|